[Event "Jasenice-Sloboda Bohor"]
[Site "?"]
[Date "2005.09.26"]
[Round "3.3"]
[White "Djoric, Dusan"]
[Black "Djokic, Vladan"]
[Result "1/2-1/2"]
[WhiteElo "2315"]
[BlackElo "2294"]
[PlyCount "31"]
[EventDate "2005.09.26"]

1. e4 c5 2. Nf3 e6 3. d3 Nc6 4. g3 d6 5. Bg2 Nge7 6. d4 cxd4 7. Nxd4 Nxd4 8.
Qxd4 Nc6 9. Qd1 Be7 10. O-O O-O 11. Bd2 Qc7 12. Bc3 b5 13. a3 a5 14. Nd2 Ba6
15. b4 Rac8 16. Nb3 1/2-1/2

[Event "Sloboda Bohor-Jasenice"]
[Site "?"]
[Date "2005.09.26"]
[Round "3.3"]
[White "Andric, Zoran"]
[Black "Rihterovic, Milan"]
[Result "1/2-1/2"]
[WhiteElo "2260"]
[BlackElo "2249"]
[PlyCount "29"]
[EventDate "2005.09.26"]

1. d4 Nf6 2. c4 g6 3. Nc3 Bg7 4. e4 O-O 5. Be3 d6 6. f3 e5 7. Nge2 c6 8. Qd2
Re8 9. Rd1 Nbd7 10. d5 cxd5 11. Nxd5 Nxd5 12. Qxd5 Nb6 13. Qd3 Qc7 14. Nc3 Be6
15. b3 1/2-1/2

[Event "Zadrugar-Sloga"]
[Site "?"]
[Date "2005.09.26"]
[Round "3.4"]
[White "Manolache, Marius"]
[Black "Markovic, Zoran"]
[Result "1/2-1/2"]
[WhiteElo "2462"]
[BlackElo "2370"]
[PlyCount "49"]
[EventDate "2005.09.26"]

1. d4 d5 2. Nf3 Nf6 3. c4 e6 4. Nc3 Be7 5. Bf4 O-O 6. e3 c5 7. dxc5 Bxc5 8. a3
Nc6 9. Qc2 Qa5 10. Nd2 Be7 11. Nb3 Qb6 12. cxd5 Nxd5 13. Nxd5 exd5 14. Bd3 h6
15. O-O Be6 16. Rac1 Rac8 17. Qd1 Rfd8 18. Bb1 d4 19. Nxd4 Nxd4 20. Rxc8 Bxc8
21. exd4 Qxb2 22. Qd3 g6 23. Bxh6 Qxd4 24. Qe2 Bf6 25. Ba2 1/2-1/2

[Event "Sloga-Zadrugar"]
[Site "?"]
[Date "2005.09.26"]
[Round "3.4"]
[White "Organdzijev, Oliver"]
[Black "Sahovic, Dragutin"]
[Result "1-0"]
[WhiteElo "2326"]
[BlackElo "2279"]
[PlyCount "97"]
[EventDate "2005.09.26"]

1. e4 c5 2. Nf3 d6 3. Bb5+ Bd7 4. Bxd7+ Qxd7 5. O-O Nc6 6. c3 Nf6 7. d4 cxd4 8.
cxd4 d5 9. e5 Ne4 10. Nbd2 Nxd2 11. Bxd2 e6 12. Rc1 Be7 13. Rc3 O-O 14. Bg5
Rfc8 15. Bd2 Nb4 16. Rxc8+ Rxc8 17. Bxb4 Bxb4 18. Qb3 a5 19. a3 Be7 20. Qe3 Rc2
21. Qb3 Qc6 22. a4 Rc4 23. Qe3 Rxa4 24. b3 Rb4 25. Rc1 Qd7 26. g4 b5 27. Rc3 a4
28. Qc1 Bd8 29. Rc8 h6 30. bxa4 bxa4 31. Ra8 Kh7 32. Qc5 Rb7 33. Qc2+ g6 34.
Kg2 Rc7 35. Qb2 Rc8 36. Ra6 a3 37. Qb3 Kg7 38. h3 Rc6 39. Ra8 Qc7 40. Qb5 Kf8
41. g5 hxg5 42. Nxg5 Rb6 43. Qa4 Qe7 44. h4 Rb7 45. Qa6 Qb4 46. Qc6 Qe7 47.
Rxa3 Qxa3 48. Qxb7 Be7 49. Qc8+ 1-0

[Event "Zadrugar-Sloga"]
[Site "?"]
[Date "2005.09.26"]
[Round "3.4"]
[White "Stamenkovic, Zoran"]
[Black "Panic, Nenad"]
[Result "1-0"]
[WhiteElo "2421"]
[BlackElo "2314"]
[PlyCount "89"]
[EventDate "2005.09.26"]

1. d4 Nf6 2. c4 e6 3. g3 c5 4. d5 exd5 5. cxd5 d6 6. Nc3 g6 7. Bg2 Bg7 8. Nf3
O-O 9. O-O Na6 10. h3 Nc7 11. e4 Nfe8 12. Re1 f6 13. a4 b6 14. Rb1 Na6 15. Na2
Bd7 16. Bd2 Rf7 17. b4 cxb4 18. Bxb4 Rc8 19. Bf1 Nc5 20. Nc3 Re7 21. Nb5 Ra8
22. Nfd4 Qc8 23. Nc6 Rf7 24. Nbxa7 Qb7 25. Nb5 Nxe4 26. Qc2 Bf8 27. Nbd4 Nc5
28. Ba5 Qc8 29. Bxb6 Bxh3 30. Nd8 Bxf1 31. Rxf1 Re7 32. N4c6 Rd7 33. Ne6 Nxe6
34. dxe6 Rb7 35. Qc4 Kh8 36. Rfc1 Ng7 37. Qd3 Qe8 38. Qc3 Rc8 39. Qxf6 Kg8 40.
e7 Nh5 41. Qe6+ Kh8 42. exf8=Q+ Qxf8 43. Bd4+ Rg7 44. Bxg7+ Nxg7 45. Qxc8 1-0

[Event "Sloga-Zadrugar"]
[Site "?"]
[Date "2005.09.26"]
[Round "3.4"]
[White "Jovic, Stanoje"]
[Black "Sekulic, Dusan"]
[Result "1/2-1/2"]
[WhiteElo "2327"]
[BlackElo "2366"]
[PlyCount "73"]
[EventDate "2005.09.26"]

1. c4 e5 2. Nf3 d6 3. d4 Nd7 4. Nc3 g6 5. g3 Bg7 6. Bg2 Ngf6 7. O-O O-O 8. b3
Re8 9. Qd2 h6 10. Bb2 e4 11. Ne1 c6 12. d5 c5 13. Nc2 Qe7 14. Rae1 h5 15. Bc1
a6 16. a4 Ne5 17. h3 Bf5 18. Ne3 Qd7 19. Nxf5 gxf5 20. f3 e3 21. Qxe3 Nxc4 22.
Qd3 Ne5 23. Qc2 b5 24. f4 Ng6 25. e4 fxe4 26. Nxe4 Nxe4 27. Rxe4 Rxe4 28. Qxe4
Bd4+ 29. Kh2 h4 30. f5 hxg3+ 31. Kh1 Ne5 32. Qh4 f6 33. Qxf6 Re8 34. Qh6 Qg7
35. Qxd6 Nd3 36. Bh6 Be5 37. Qc6 1/2-1/2

[Event "Zadrugar-Sloga"]
[Site "?"]
[Date "2005.09.26"]
[Round "3.4"]
[White "Trifunovic, Miroljub"]
[Black "Djokic, Nebojsa"]
[Result "0-1"]
[WhiteElo "2265"]
[BlackElo "2236"]
[PlyCount "72"]
[EventDate "2005.09.26"]

1. d4 Nf6 2. Nf3 g6 3. c4 Bg7 4. Nc3 O-O 5. e4 d6 6. Be2 e5 7. O-O Nc6 8. Be3
Ng4 9. Bg5 f6 10. Bh4 g5 11. Bg3 Nh6 12. d5 Ne7 13. h4 Ng6 14. hxg5 fxg5 15.
Nh2 Nf4 16. Rc1 b6 17. b4 a5 18. a3 axb4 19. axb4 Rf7 20. Re1 Bf8 21. f3 Rg7
22. Qd2 Nf7 23. Bf2 h5 24. Be3 Rg6 25. g3 Bh6 26. Kh1 Nh3 27. Bf1 g4 28. Bxh3
gxh3 29. Rg1 Kh7 30. f4 Bg4 31. Rcf1 Qd7 32. Nf3 Bxf3+ 33. Rxf3 Qg4 34. Rff1
Rag8 35. Kh2 h4 36. Ne2 hxg3+ 0-1

[Event "Sloga-Zadrugar"]
[Site "?"]
[Date "2005.09.26"]
[Round "3.4"]
[White "Zivkovic, Momcilo"]
[Black "Ljubisavljevic, Zivojin"]
[Result "1/2-1/2"]
[WhiteElo "2148"]
[BlackElo "2261"]
[PlyCount "80"]
[EventDate "2005.09.26"]

1. e4 Nf6 2. e5 Nd5 3. d4 d6 4. f4 dxe5 5. dxe5 Nc6 6. Bc4 Nb6 7. Qxd8+ Nxd8 8.
Bb3 Be6 9. Nc3 a6 10. Be3 Bxb3 11. axb3 e6 12. O-O-O Nc6 13. Nge2 Be7 14. Bxb6
cxb6 15. Ne4 Rd8 16. Rxd8+ Kxd8 17. Rd1+ Kc7 18. Nd4 Rd8 19. Nxc6 Rxd1+ 20.
Kxd1 Kxc6 21. Ke2 Kd5 22. Kd3 b5 23. Nc3+ Kc6 24. Ke4 f5+ 25. Kd3 g5 26. Ne2
gxf4 27. Nxf4 Kd7 28. Kd4 Bd8 29. h3 Bh4 30. Nh5 b6 31. g4 fxg4 32. hxg4 Ke7
33. Nf4 Bf2+ 34. Ke4 a5 35. Nd3 Bh4 36. Kd4 Kd7 37. c4 bxc4 38. bxc4 Kc6 39. b3
h6 40. Nf4 Kd7 1/2-1/2

[Event "Telekom-Ribnica"]
[Site "?"]
[Date "2005.09.26"]
[Round "3.5"]
[White "Pavlovic, Nebojsa"]
[Black "Vencl, Radivoje"]
[Result "1-0"]
[WhiteElo "2313"]
[BlackElo "2300"]
[PlyCount "95"]
[EventDate "2005.09.26"]

1. e4 Nf6 2. Nc3 e5 3. Nf3 Nc6 4. d4 Bb4 5. Nxe5 Nxe4 6. Qg4 d5 7. Qxg7 Qf6 8.
Qxf6 Nxf6 9. Bb5 Bd7 10. Bxc6 bxc6 11. Bd2 Rg8 12. g3 Ng4 13. Nd3 Bd6 14. f3
Nxh2 15. Rxh2 Bxg3+ 16. Rf2 O-O-O 17. Ke2 Rde8+ 18. Be3 Bxf2 19. Kxf2 Bf5 20.
Ne5 Bh3 21. Ke2 Rg2+ 22. Bf2 f6 23. Rh1 Bf5 24. Kf1 Rxf2+ 25. Kxf2 fxe5 26.
dxe5 Bxc2 27. f4 Kd7 28. Ke3 Ke6 29. Rh2 Bg6 30. Na4 Rb8 31. Nc5+ Ke7 32. a3 a5
33. Rf2 Bf5 34. Rg2 Bg6 35. Rf2 Rf8 36. Nb3 Ke6 37. Nd4+ Kd7 38. b4 axb4 39.
axb4 Bf5 40. Rh2 Be4 41. f5 h6 42. Kf4 Rh8 43. f6 h5 44. Nb3 Ke6 45. Nc5+ Kf7
46. Nxe4 dxe4 47. Kf5 h4 48. e6+ 1-0

[Event "Ribnica-Telekom"]
[Site "?"]
[Date "2005.09.26"]
[Round "3.5"]
[White "Miletic, Slobodan"]
[Black "Runic, Zoran"]
[Result "0-1"]
[WhiteElo "2138"]
[BlackElo "2413"]
[PlyCount "116"]
[EventDate "2005.09.26"]

1. e4 e5 2. Nf3 d6 3. d4 Nd7 4. Bc4 c6 5. O-O Be7 6. dxe5 dxe5 7. Ng5 Bxg5 8.
Qh5 Qe7 9. Bxg5 Ngf6 10. Qe2 h6 11. Bd2 Nf8 12. a4 Ng6 13. g3 O-O 14. Re1 Kh8
15. Bc3 Bg4 16. Qe3 Nh7 17. h4 Nf6 18. Nd2 Bd7 19. a5 Ng4 20. Qe2 Nf6 21. Qe3
Be6 22. Bf1 Qc7 23. Nc4 Nd7 24. Bb4 c5 25. Bc3 Ne7 26. f4 Nc6 27. Nxe5 Ndxe5
28. fxe5 Nd4 29. Bxd4 cxd4 30. Qf2 Rac8 31. Bd3 Qxe5 32. Qf4 f6 33. Rf1 Qc5 34.
b3 Bd7 35. Qd2 Rfe8 36. Rf2 Re5 37. Rxf6 Kh7 38. Rf4 Bb5 39. Bxb5 d3+ 40. Kg2
Qxc2 41. Qxc2 Rxc2+ 42. Rf2 Rxb5 43. Rxc2 dxc2 44. Rc1 Rc5 45. Kf3 Kg6 46. Ke3
Kf6 47. Kd4 Rc8 48. b4 Ke6 49. b5 h5 50. e5 b6 51. axb6 axb6 52. Ke4 Rc4+ 53.
Kd3 Rc5 54. Kd4 Rd5+ 55. Kc4 Rxe5 56. Kd4 Rc5 57. Ke4 Rc4+ 58. Kd3 Kd5 0-1

[Event "Ribnica-Telekom"]
[Site "?"]
[Date "2005.09.26"]
[Round "3.5"]
[White "Palosevic, Abida"]
[Black "Simic, Dragisa"]
[Result "0-1"]
[WhiteElo "2217"]
[BlackElo "2314"]
[PlyCount "49"]
[EventDate "2005.09.26"]

1. d4 Nf6 2. Nf3 g6 3. c4 Bg7 4. Nc3 O-O 5. e4 d6 6. Be2 e5 7. O-O exd4 8. Nxd4
Re8 9. f3 Nc6 10. Be3 Nh5 11. Nxc6 bxc6 12. g4 Nf6 13. Qd2 h5 14. h3 Nh7 15.
Kg2 f5 16. exf5 gxf5 17. Bd4 Qh4 18. Bxg7 Kxg7 19. Qd4+ Nf6 20. Rh1 c5 21. Qd2
Bb7 22. Rag1 Re5 23. Kf1 hxg4 24. Rh2 Nh5 25. hxg4 0-1

[Event "Telekom-Ribnica"]
[Site "?"]
[Date "2005.09.26"]
[Round "3.5"]
[White "Adzic, Momcilo"]
[Black "Nikolajevic, Branislav"]
[Result "1/2-1/2"]
[WhiteElo "2240"]
[BlackElo "2121"]
[PlyCount "83"]
[EventDate "2005.09.26"]

1. e4 c5 2. Nf3 Nc6 3. d4 cxd4 4. Nxd4 Nf6 5. Nc3 e5 6. Ndb5 d6 7. Bg5 a6 8.
Na3 b5 9. Nd5 Be7 10. Bxf6 Bxf6 11. c3 O-O 12. Nc2 Bg5 13. Nce3 Rb8 14. a3 Be6
15. Be2 Ne7 16. O-O Bxe3 17. Nxe3 d5 18. exd5 Nxd5 19. Nxd5 Bxd5 20. Re1 Re8
21. Bd3 e4 22. Bc2 Qg5 23. Re3 Rbd8 24. a4 Bb3 25. Qb1 Bxc2 26. Qxc2 Qd5 27.
Rae1 Re6 28. axb5 axb5 29. Qe2 f5 30. h4 Qc5 31. g3 b4 32. Rd1 Red6 33. Rxd6
Rxd6 34. Kg2 h6 35. cxb4 Qxb4 36. Rc3 Kh7 37. h5 Rf6 38. Qc2 Qb7 39. Rc7 Qd5
40. Qc4 Qd1 41. Qc3 Qd3 42. Qc4 1/2-1/2

[Event "Ribnica-Telekom"]
[Site "?"]
[Date "2005.09.26"]
[Round "3.5"]
[White "Nesic, Dragisa"]
[Black "Draskovic, Dragan"]
[Result "1-0"]
[WhiteElo "2068"]
[BlackElo "2173"]
[PlyCount "149"]
[EventDate "2005.09.26"]

1. d4 d5 2. Nf3 c6 3. g3 e6 4. Bg2 f5 5. O-O Nf6 6. b3 Bd6 7. c4 Qe7 8. Bb2 O-O
9. Nbd2 b6 10. Ne5 Bb7 11. Rc1 Nbd7 12. cxd5 cxd5 13. Ndc4 Rac8 14. Nxd6 Qxd6
15. Nd3 Qe7 16. Qd2 Ne4 17. Qe3 Rfe8 18. f3 Nd6 19. Ba3 Nc4 20. Rxc4 Qxa3 21.
Ra4 Qd6 22. Rxa7 Qb8 23. Ra4 Bc6 24. Rb4 Qd6 25. Rc1 Ra8 26. Qf4 Qxf4 27. gxf4
Rec8 28. a4 Bb7 29. Rxc8+ Rxc8 30. Ne5 Nxe5 31. dxe5 Rc1+ 32. Kf2 Kf7 33. Rxb6
Rc7 34. a5 Ke7 35. b4 d4 36. Ke1 Bd5 37. Kd2 Rc3 38. a6 Ra3 39. b5 Kd7 40. Rb8
Kc7 41. Rg8 g6 42. Rh8 h5 43. Rg8 Bc4 44. Rg7+ Kb8 45. Rxg6 Ra2+ 46. Kc1 Ra1+
47. Kb2 Ra2+ 48. Kb1 Ra5 49. Rg8+ Ka7 50. Rg7+ Ka8 51. Re7 Rxb5+ 52. Kc2 Bd5
53. Kd3 Rb4 54. Rh7 Ra4 55. Rxh5 Ka7 56. Rh8 Kb6 57. h4 Kc5 58. Rc8+ Bc6 59. h5
Ra3+ 60. Kd2 Rxa6 61. Bh3 Ra7 62. Rh8 Bb5 63. Bf1 Kb4 64. Rh6 Ra2+ 65. Ke1 Bc4
66. Rg6 Ra1+ 67. Kf2 Kc3 68. Bh3 Ra2 69. Bf1 Kd2 70. h6 Ra7 71. Rg8 Bd5 72. Bh3
Re7 73. Rg6 Kc3 74. Bxf5 exf5 75. Kg3 1-0

[Event "Sloga-Telekom"]
[Site "?"]
[Date "2005.09.27"]
[Round "4.1"]
[White "Panic, Nenad"]
[Black "Savicevic, Vlatko"]
[Result "1/2-1/2"]
[WhiteElo "2314"]
[BlackElo "2339"]
[PlyCount "20"]
[EventDate "2005.09.26"]

1. d4 Nf6 2. Nf3 e6 3. c4 d5 4. Nc3 Be7 5. cxd5 exd5 6. Bg5 c6 7. e3 Bf5 8.
Bxf6 Bxf6 9. Bd3 Bxd3 10. Qxd3 Be7 1/2-1/2

[Event "Telekom-Sloga"]
[Site "?"]
[Date "2005.09.27"]
[Round "4.1"]
[White "Simic, Dragisa"]
[Black "Jovic, Stanoje"]
[Result "1/2-1/2"]
[WhiteElo "2314"]
[BlackElo "2327"]
[PlyCount "20"]
[EventDate "2005.09.26"]

1. e4 c6 2. d4 d5 3. exd5 cxd5 4. c4 Nf6 5. Nc3 Nc6 6. Nf3 Bg4 7. cxd5 Nxd5 8.
Qb3 Bxf3 9. gxf3 Nb6 10. d5 Nd4 1/2-1/2

[Event "Zadrugar-Jasenica"]
[Site "?"]
[Date "2005.09.27"]
[Round "4.2"]
[White "Sahovic, Dragutin"]
[Black "Djoric, Dusan"]
[Result "1/2-1/2"]
[WhiteElo "2279"]
[BlackElo "2316"]
[PlyCount "51"]
[EventDate "2005.09.26"]

1. d4 Nf6 2. c4 e6 3. Nf3 b6 4. g3 Ba6 5. e3 Bb4+ 6. Bd2 Be7 7. Bg2 Bb7 8. O-O
O-O 9. Bc3 d5 10. Nbd2 c5 11. cxd5 Bxd5 12. dxc5 Bxc5 13. Qc2 Nbd7 14. e4 Bb7
15. e5 Nd5 16. Ne4 Nxc3 17. Nxc5 Nxc5 18. Qxc3 Qd3 19. Rac1 Qxc3 20. Rxc3 Rfd8
21. Re1 a5 22. Ng5 Bxg2 23. Kxg2 h6 24. Nf3 Rd5 25. Re2 Rad8 26. Rcc2 1/2-1/2

[Event "Jasenica-Zadrugar"]
[Site "?"]
[Date "2005.09.27"]
[Round "4.2"]
[White "Milosevic, Slavisa"]
[Black "Stamenkovic, Zoran"]
[Result "0-1"]
[WhiteElo "2291"]
[BlackElo "2421"]
[PlyCount "78"]
[EventDate "2005.09.26"]

1. e4 e6 2. d4 d5 3. exd5 exd5 4. Qf3 Be6 5. Bd3 Qd7 6. h3 Nc6 7. c3 O-O-O 8.
Ne2 Bd6 9. Bf4 Nge7 10. Bxd6 Qxd6 11. Nd2 Ng6 12. O-O h5 13. Rfe1 Nh4 14. Qf4
g5 15. Qxd6 Rxd6 16. g3 Nf5 17. Kh2 Rg8 18. Nf1 Bd7 19. Ng1 Rf6 20. Re2 Nd6 21.
Kg2 Be6 22. Rae1 Ne7 23. Nh2 Ng6 24. Ngf3 Bxh3+ 25. Kg1 Nf4 26. Re3 Ng2 27. Bf1
Nxe1 28. Bxh3+ g4 29. Rxe1 gxh3 30. Kf1 Ne4 31. Re3 h4 32. g4 Rf4 33. Ke1 f5
34. g5 Nxg5 35. Nxg5 Rxg5 36. Rxh3 Rg1+ 37. Ke2 Re4+ 38. Kd3 Rd1+ 39. Kc2 Rh1
0-1

[Event "Zadrugar-Jasenica"]
[Site "?"]
[Date "2005.09.27"]
[Round "4.2"]
[White "Sekulic, Dusan"]
[Black "Stankovic, Dragan"]
[Result "1/2-1/2"]
[WhiteElo "2366"]
[BlackElo "2332"]
[PlyCount "74"]
[EventDate "2005.09.26"]

1. d4 Nf6 2. Nf3 g6 3. c4 Bg7 4. Nc3 d5 5. g3 O-O 6. Bg2 c5 7. dxc5 Qa5 8. O-O
dxc4 9. Qd4 Na6 10. Qxc4 Qxc5 11. Qh4 Qb4 12. e4 Nc5 13. e5 Qxh4 14. Nxh4 Ng4
15. f4 g5 16. fxg5 Nxe5 17. Nd5 Nc6 18. Nf5 Bxf5 19. Rxf5 Nd3 20. Nf6+ Kh8 21.
Be3 Rfd8 22. Nh5 Bxb2 23. Rb1 Kg8 24. Rb5 Ba3 25. Rxb7 Rac8 26. R7b3 Bb4 27.
Bxc6 Rxc6 28. Rxd3 Rxd3 29. Rxb4 h6 30. Rb3 Rxb3 31. axb3 hxg5 32. Bxa7 Rc1+
33. Kg2 Rc2+ 34. Kh3 f6 35. b4 Kf7 36. g4 Rb2 37. Bc5 e6 1/2-1/2

[Event "Jasenica-Zadrugar"]
[Site "?"]
[Date "2005.09.27"]
[Round "4.2"]
[White "Rihterovic, Milan"]
[Black "Trifunovic, Miroljub"]
[Result "0-1"]
[WhiteElo "2249"]
[BlackElo "2265"]
[PlyCount "74"]
[EventDate "2005.09.26"]

1. c4 e6 2. Nf3 d5 3. g3 Nf6 4. Bg2 Be7 5. O-O O-O 6. b3 c6 7. Bb2 a5 8. d3
Nbd7 9. Nc3 Nc5 10. a3 Qb6 11. cxd5 exd5 12. Nd2 Be6 13. d4 Nce4 14. Ncxe4 Nxe4
15. Nxe4 dxe4 16. Bxe4 Bxb3 17. Qd3 g6 18. a4 Be6 19. Rfb1 Qc7 20. h4 Bf6 21.
Ba3 Rfd8 22. Bc5 Rd7 23. h5 Bd5 24. hxg6 hxg6 25. Bxd5 Rxd5 26. Qc4 Qd7 27. e3
Rh5 28. Qf1 Kg7 29. Qg2 Rah8 30. Ra2 Rh3 31. Rd2 Qf5 32. Rxb7 Qh5 33. Qxc6 Rh1+
34. Kg2 Re1 35. Rxf7+ Kh6 36. f4 Qh1+ 37. Kf2 Qg1+ 0-1

[Event "Sloboda Bohor-Jastrebac"]
[Site "?"]
[Date "2005.09.27"]
[Round "4.3"]
[White "Djokic, Vladan"]
[Black "Zafirovski, Mite"]
[Result "1/2-1/2"]
[WhiteElo "2294"]
[BlackElo "2292"]
[PlyCount "36"]
[EventDate "2005.09.27"]

1. e4 c5 2. Nf3 Nc6 3. Bb5 e6 4. Bxc6 bxc6 5. O-O Ne7 6. d3 Ng6 7. Nc3 Be7 8.
Re1 O-O 9. e5 f6 10. exf6 gxf6 11. Bh6 Rf7 12. Re4 f5 13. Ra4 d5 14. h4 Bf6 15.
Bg5 Bxg5 16. Nxg5 Rg7 17. Qh5 Qf6 18. Qh6 Qe5 1/2-1/2

[Event "Jastrebac-Sloboda Bohor"]
[Site "?"]
[Date "2005.09.27"]
[Round "4.3"]
[White "Djordjevic, Nebojsa"]
[Black "Civric, Zdravko"]
[Result "1/2-1/2"]
[WhiteElo "2266"]
[BlackElo "2200"]
[PlyCount "53"]
[EventDate "2005.09.27"]

1. d4 Nf6 2. c4 e6 3. Nf3 b6 4. e3 Bb7 5. Be2 Bb4+ 6. Bd2 Be7 7. Nc3 O-O 8. O-O
Na6 9. Ne1 c5 10. Bf3 Bxf3 11. Nxf3 cxd4 12. Nxd4 Nc5 13. Qe2 Nce4 14. Nxe4
Nxe4 15. Rfd1 a6 16. Be1 Qc7 17. f3 Nf6 18. Bg3 d6 19. Rac1 Rfd8 20. e4 Nh5 21.
Bf2 Rac8 22. Be3 Qb7 23. a3 Nf6 24. b4 Rc7 25. b5 Ra8 26. Nc6 Bf8 27. Qf2
1/2-1/2

[Event "Sloboda Bohor-Jastrebac"]
[Site "?"]
[Date "2005.09.27"]
[Round "4.3"]
[White "Andric, Zoran"]
[Black "Milutinovic, Zoran"]
[Result "1/2-1/2"]
[WhiteElo "2260"]
[BlackElo "2171"]
[PlyCount "45"]
[EventDate "2005.09.27"]

1. d4 Nf6 2. c4 c5 3. Nf3 cxd4 4. Nxd4 e5 5. Nb5 d5 6. cxd5 Qa5+ 7. N5c3 b5 8.
Nd2 b4 9. Nce4 Nxe4 10. Nxe4 Bb7 11. g3 Qxd5 12. Qxd5 Bxd5 13. Bg2 Nd7 14. O-O
f5 15. Nd6+ Bxd6 16. Bxd5 Rd8 17. Be6 Rf8 18. Rd1 Ke7 19. Bb3 h6 20. Rd5 Nc5
21. Bc4 Rc8 22. b3 Rfd8 23. a3 1/2-1/2

[Event "Jastrebac-Sloboda Bohor"]
[Site "?"]
[Date "2005.09.27"]
[Round "4.3"]
[White "Jovanovic, Dragan"]
[Black "Zivanic, Slobodan"]
[Result "1/2-1/2"]
[WhiteElo "2101"]
[BlackElo "2262"]
[PlyCount "42"]
[EventDate "2005.09.27"]

1. e4 c5 2. c4 Nc6 3. Nf3 d6 4. d4 cxd4 5. Nxd4 Nf6 6. Nc3 e6 7. Be2 Be7 8. O-O
O-O 9. Be3 a6 10. Rc1 Bd7 11. a3 Rc8 12. h3 Ne5 13. b3 Qc7 14. f4 Nc6 15. Qd3
Nxd4 16. Bxd4 Bc6 17. Qg3 Ne8 18. Bd3 Nf6 19. Kh1 Nh5 20. Qg4 Nf6 21. Qg3 Nh5
1/2-1/2

[Event "Ina Dizajn-VSK Sveti Nikolaj"]
[Site "?"]
[Date "2005.09.27"]
[Round "4.4"]
[White "Andonov, Bogumil"]
[Black "Stojanovic, Mihajlo"]
[Result "0-1"]
[WhiteElo "2418"]
[BlackElo "2519"]
[PlyCount "110"]
[EventDate "2005.09.27"]

1. Nf3 d5 2. c4 d4 3. g3 Nc6 4. Bg2 e5 5. O-O Nf6 6. d3 a5 7. Na3 Bc5 8. Nc2
O-O 9. Rb1 Re8 10. b3 e4 11. Nfe1 Nb4 12. a3 exd3 13. Nxd3 Nxd3 14. exd3 Bg4
15. f3 Bf5 16. g4 Bc8 17. b4 axb4 18. axb4 Bf8 19. h3 b5 20. f4 Ra2 21. g5 Nh5
22. cxb5 Ng3 23. Rf2 g6 24. Qf3 Nf5 25. Qd5 Be6 26. Qxd8 Rxd8 27. Na3 Ne3 28.
Rxa2 Bxa2 29. Rb2 Be6 30. Nc2 Nd1 31. Rb1 Nc3 32. Ra1 Bb3 33. Ne1 Bxb4 34. Kf1
Bd6 35. Bc6 Ba4 36. Nf3 Bxb5 37. Bxb5 Nxb5 38. Bd2 Kf8 39. Rb1 Nc3 40. Rc1 Nd5
41. f5 c5 42. f6 Ke8 43. Kf2 Kd7 44. Ra1 Rb8 45. Ra2 Kc6 46. Rc2 Rb3 47. Ke2
Rb1 48. Ne1 Kb5 49. Ra2 Nc3+ 50. Bxc3 dxc3 51. Ra7 Rb2+ 52. Kd1 Rd2+ 53. Kc1
Bf4 54. Rxf7 Re2+ 55. Kd1 Rxe1+ 0-1

[Event "Ina Dizajn-VSK Sveti Nikolaj"]
[Site "?"]
[Date "2005.09.27"]
[Round "4.4"]
[White "Milosavljevic, Milisav"]
[Black "Kostic, Dragoljub"]
[Result "0-1"]
[WhiteElo "2182"]
[BlackElo "2439"]
[PlyCount "70"]
[EventDate "2005.09.27"]

1. c4 c5 2. Nf3 Nc6 3. d4 cxd4 4. Nxd4 Nf6 5. Nc3 e6 6. g3 Qb6 7. Nc2 Ne5 8. e4
Bc5 9. Qe2 O-O 10. f4 Nc6 11. b3 Nd4 12. Nxd4 Bxd4 13. Bb2 d5 14. e5 Bxc3+ 15.
Bxc3 Ne4 16. Rc1 Bd7 17. Bg2 Nxc3 18. Rxc3 dxc4 19. Qe3 cxb3 20. Qxb6 axb6 21.
axb3 Bb5 22. Kd2 Rfd8+ 23. Ke3 h5 24. Bxb7 Ra2 25. Bf3 g6 26. h3 Rad2 27. Rb1
Kg7 28. g4 h4 29. f5 Kh6 30. fxe6 fxe6 31. Kf4 R8d4+ 32. Be4 Re2 33. g5+ Kh5
34. Re3 Rf2+ 35. Rf3 Rxe4+ 0-1

[Event "VSK Sveti Nikolaj-Ina Dizajn"]
[Site "?"]
[Date "2005.09.27"]
[Round "4.4"]
[White "Lajthajm, Borko"]
[Black "Djakovac, Enes"]
[Result "1-0"]
[WhiteElo "2455"]
[BlackElo "2211"]
[PlyCount "129"]
[EventDate "2005.09.27"]

1. d4 d5 2. c4 c6 3. Nf3 Nf6 4. cxd5 cxd5 5. Nc3 Nc6 6. Bf4 Qb6 7. Na4 Qa5+ 8.
Bd2 Qd8 9. e3 Ne4 10. Bb5 Bd7 11. Nc3 Nxd2 12. Qxd2 e6 13. Bxc6 Bxc6 14. Ne5
Rc8 15. a3 Bd6 16. O-O O-O 17. Nxc6 Rxc6 18. Rfc1 Qb8 19. g3 Rfc8 20. Ne2 h5
21. Rxc6 Rxc6 22. Rc1 Qc7 23. Rxc6 Qxc6 24. Kg2 b6 25. Nc1 Qc4 26. b3 Qc6 27.
a4 a5 28. Nd3 g6 29. h3 f6 30. g4 hxg4 31. hxg4 Kg7 32. Qc1 Qxc1 33. Nxc1 Kf7
34. f4 Ke7 35. Nd3 Kd7 36. Kf3 Be7 37. f5 g5 38. fxe6+ Kxe6 39. e4 Ba3 40. Ke3
Kd6 41. Nf2 Ke6 42. Kd3 Bc1 43. Nd1 Bf4 44. Nc3 dxe4+ 45. Kxe4 Bc7 46. Nb5 Bb8
47. Na3 Bc7 48. Nc4 Bd8 49. d5+ Kd7 50. Kf5 Ke7 51. Kg6 Ke8 52. Nd6+ Ke7 53.
Nb7 Bc7 54. d6+ Bxd6 55. Nxd6 Kxd6 56. Kxf6 Kc5 57. Kxg5 Kb4 58. Kf4 Kxb3 59.
g5 Kxa4 60. g6 b5 61. Ke3 b4 62. g7 Ka3 63. g8=Q b3 64. Kd2 a4 65. Kc3 1-0

[Event "Borac-Metalac Takovo"]
[Site "?"]
[Date "2005.09.27"]
[Round "4.5"]
[White "Spasov, Vasil"]
[Black "Kojovic, Dragan"]
[Result "1-0"]
[WhiteElo "2551"]
[BlackElo "2324"]
[PlyCount "89"]
[EventDate "2005.09.27"]

1. e4 d6 2. d4 Nf6 3. Nc3 e5 4. Nf3 Nbd7 5. Bc4 Be7 6. O-O O-O 7. Re1 c6 8. a4
a5 9. h3 Nb6 10. Ba2 Nfd7 11. Be3 exd4 12. Qxd4 Nc5 13. Rad1 Be6 14. Bxe6 fxe6
15. e5 d5 16. Qg4 Qe8 17. Nd4 Qg6 18. Qxg6 hxg6 19. b3 Nbd7 20. f4 Rae8 21. Nf3
Bd8 22. g3 Na6 23. Kg2 Be7 24. h4 Bb4 25. Bd2 Be7 26. Ne2 Bd8 27. Ned4 Ndc5 28.
Rh1 Ne4 29. h5 gxh5 30. Rxh5 Nxd2 31. Nxd2 Kf7 32. Rdh1 Nc5 33. c4 Ke7 34. cxd5
cxd5 35. Nb5 Kd7 36. Nd6 Re7 37. Rc1 Bb6 38. Nf3 g6 39. Rh6 Rg7 40. Ng5 Ba7 41.
Rch1 Bb8 42. Nb5 Nxb3 43. Rh7 Rxh7 44. Rxh7+ Kc6 45. Rg7 1-0

[Event "Borac-Metalac Takovo"]
[Site "?"]
[Date "2005.09.27"]
[Round "4.5"]
[White "Paunovic, Dragan"]
[Black "Rabrenovic, Vladan"]
[Result "1/2-1/2"]
[WhiteElo "2503"]
[BlackElo "2319"]
[PlyCount "67"]
[EventDate "2005.09.27"]

1. d4 d6 2. c4 e5 3. d5 g6 4. Nc3 Bg7 5. e4 a5 6. Bd3 Nd7 7. h3 Ne7 8. Be3 O-O
9. Qd2 f5 10. exf5 gxf5 11. Bh6 Nc5 12. Bc2 Bxh6 13. Qxh6 Ng6 14. Nge2 Qh4 15.
Qxh4 Nxh4 16. O-O-O f4 17. g3 fxg3 18. fxg3 Nf5 19. Rdf1 Bd7 20. Kd2 Rae8 21.
Ne4 Nxe4+ 22. Bxe4 Ne7 23. g4 Ng6 24. Ke1 Rxf1+ 25. Rxf1 Rf8 26. Rxf8+ Kxf8 27.
Bxg6 hxg6 28. Nc1 Ke7 29. b3 c6 30. a3 cxd5 31. cxd5 Kd8 32. b4 axb4 33. axb4
Ke7 34. Kf2 1/2-1/2

[Event "Borac-Metalac Takovo"]
[Site "?"]
[Date "2005.09.27"]
[Round "4.5"]
[White "Vratonjic, Slobodan"]
[Black "Gavrilovic, Leonardo"]
[Result "1-0"]
[WhiteElo "2455"]
[BlackElo "2264"]
[PlyCount "60"]
[EventDate "2005.09.27"]

1. e4 Nf6 2. e5 Nd5 3. d4 d6 4. Nf3 g6 5. Bc4 Nb6 6. Bb3 Bg7 7. a4 a5 8. Ng5 d5
9. f4 f6 10. Nf3 Nc6 11. c3 Bf5 12. O-O Qd7 13. Na3 O-O 14. Qe2 Nd8 15. Nc2 Ne6
16. Nh4 Be4 17. f5 gxf5 18. Nxf5 fxe5 19. Nxg7 Rxf1+ 20. Qxf1 Kxg7 21. dxe5 Rf8
22. Qe2 Nc5 23. e6 Qxe6 24. Qe3 Kg6 25. Qxc5 Qf5 26. h3 Bxc2 27. Bxc2 Qxc2 28.
Qxe7 Qf2+ 29. Kh1 Qf7 30. Qh4 Kg7 1-0

[Event "Metalac Takovo-Borac"]
[Site "?"]
[Date "2005.09.27"]
[Round "4.5"]
[White "Irizanin, Radoje"]
[Black "Narandzic, Vlado"]
[Result "0-1"]
[WhiteElo "2228"]
[BlackElo "2346"]
[PlyCount "74"]
[EventDate "2005.09.27"]

1. d4 Nf6 2. Bg5 d6 3. Bxf6 exf6 4. e3 g6 5. c4 Bg7 6. g3 O-O 7. Bg2 a5 8. Ne2
Re8 9. O-O f5 10. Nbc3 Nd7 11. a3 h5 12. Qd3 h4 13. b4 hxg3 14. hxg3 Nf6 15. b5
Rb8 16. Nf4 Ng4 17. Rfd1 Qg5 18. Rab1 Bd7 19. Ncd5 Rbc8 20. f3 Nxe3 21. Nxe3
Qxg3 22. Ned5 c6 23. bxc6 bxc6 24. Ne2 Rxe2 25. Qxe2 cxd5 26. cxd5 Ba4 27. Rd2
Qf4 28. Qd3 Re8 29. Kf2 Bf6 30. Re2 Bxd4+ 31. Kf1 Rxe2 32. Kxe2 Qh4 33. Rf1
Qe7+ 34. Kd2 Qg5+ 35. Ke1 Qg3+ 36. Kd2 Qxg2+ 37. Ke1 Be5 0-1